Les ennemies de Batman - Statistiques

Statistiques générales
  • Ce quiz a été pris 1 598 fois
  • Le résultat moyen est 14 sur 32
Statistiques - réponses
Réponse % Correct
Joker
99%
Bane
80%
Pingouin
79%
Catwoman
78%
Double Face
78%
Poison Ivy
74%
Harley Quinn
73%
Killer Croc
65%
Epouvantail
61%
Mister Freeze
61%
Ra's al Ghul
59%
Homme Mystere
52%
Gueule d'Argile
49%
Deadshot
46%
Man-Bat
45%
Deathstroke
41%
Red Hood
37%
Firefly
36%
Chapelier fou
35%
Hugo Strange
34%
Black Mask
32%
Solomon Grundy
27%
Carmine Falcone
26%
Hush
21%
Salvatore Maroni
18%
Calendar Man
17%
Zsasz
17%
Anarky
15%
Ventriloque
15%
Professeur Pyg
11%
Joe Chill
6%
Ratcatcher
6%
Aucun quiz correspondant
Distribution des résultats
% des personnes avec chaque résultat
Percentile par nombre de réponses
Votre historique - résultats
Vous n’avez pas pris ce quiz